000 00352nam a2200133Ia 4500
008 151001s9999||||xx |||||||||||||| ||und||
100 _aसुर्यदीन यादव
245 _aचौपार
250 _a1
260 _b"नीरज बुक सेंटर,दिल्ली"
260 _c2011
300 _a159
365 _b21
999 _c999450
_d999447